[Event "CZE-ch Betsys Online Blitz"]
[Site "Chess.com INT"]
[Date "2021.04.17"]
[Round "9"]
[White "Handlovsky, Jachym"]
[Black "Lorencova, Vera"]
[Result "1-0"]
[WhiteElo "1268"]
[BlackElo "1880"]
[PlyCount "73"]
[EventDate "2021.04.17"]
[EventType "swiss (blitz)"]
[EventRounds "13"]
[EventCountry "CZE"]
[SourceTitle "CBM 201 Extra"]
[Source "ChessBase"]
[SourceDate "2021.05.31"]
[SourceVersion "1"]
[SourceVersionDate "2021.05.31"]
[SourceQuality "1"]

1. e4 d5 2. exd5 Nf6 3. d4 Nxd5 4. Nf3 g6 5. Bc4 Bg7 6. Bxd5 Qxd5 7. Nc3 Qa5 8. Bd2 0-0 9. 0-0 Nc6 10. Re1 Qb4 11. Nd5 Qxb2 12. Nxe7+ Nxe7 13. Rxe7 Bf5 14. c3 c6 15. Nh4 Be6 16. Rb1 Qxa2 17. Rexb7 Qa3 18. Ra1 Qd6 19. Rbxa7 Rxa7 20. Rxa7 Rb8 21. Ra1 Bf6 22. Nf3 Bg4 23. h3 Bf5 24. g4 Be4 25. Qe2 Qd5 26. Ne5 Re8 27. Qc4 Bxe5 28. Qxd5 Bxd5 29. dxe5 h5 30. Re1 Kg7 31. Kh2 Ra8 32. Kg3 Ra2 33. Be3 Rc2 34. Bd4 Rd2 35. Rf1 Rd3+ 36. Kh2 Rd2 37. g5 1-0

[Event "EU Union-ch U12"]
[Site "Kouty nad Desnou"]
[Date "2018.08.15"]
[Round "9"]
[White "Handlovsky, Jachym"]
[Black "Nespora, Tatana"]
[Result "0-1"]
[WhiteElo "1225"]
[BlackElo "1290"]
[PlyCount "62"]
[EventDate "2018.08.07"]
[EventType "swiss"]
[EventRounds "9"]
[EventCountry "CZE"]
[SourceTitle "CBM 186 Extra"]
[Source "ChessBase"]
[SourceDate "2018.08.24"]
[SourceVersion "1"]
[SourceVersionDate "2018.08.24"]
[SourceQuality "1"]

1. e4 c5 2. Nf3 e6 3. Nc3 d6 4. Be2 Nf6 5. 0-0 Be7 6. d4 cxd4 7. Nxd4 0-0 8. Be3 Nc6 9. Kh1 Bd7 10. f4 a6 11. Qe1 Qc7 12. Qg3 Rfc8 13. Rf2 b5 14. Raf1 b4 15. Nd1 Nxe4 16. Qg4 Nxf2+ 17. Rxf2 Nxd4 18. Bxd4 e5 19. Qh5 exd4 20. Bd3 g6 21. Qh6 Bf8 22. Qg5 Qd8 23. Qg3 Qe7 24. f5 Qe1+ 25. Bf1 Rxc2 26. fxg6 hxg6 27. Qf4 Rxf2 28. Qxf2 Qxd1 29. h3 Bb5 30. Kg1 Qxf1+ 31. Qxf1 Bxf1 0-1

[Event "EU Union-ch U12"]
[Site "Kouty nad Desnou"]
[Date "2018.08.07"]
[Round "1"]
[White "Vilimek, Vit"]
[Black "Handlovsky, Jachym"]
[Result "1-0"]
[WhiteElo "1560"]
[BlackElo "1225"]
[PlyCount "59"]
[EventDate "2018.08.07"]
[EventType "swiss"]
[EventRounds "9"]
[EventCountry "CZE"]
[SourceTitle "CBM 186 Extra"]
[Source "ChessBase"]
[SourceDate "2018.08.24"]
[SourceVersion "1"]
[SourceVersionDate "2018.08.24"]
[SourceQuality "1"]

1. e4 e5 2. Nf3 Nc6 3. d4 exd4 4. Bc4 Bc5 5. c3 Qf6 6. Bg5 Qg6 7. 0-0 dxc3 8. Nxc3 d6 9. Nd5 Bb6 10. Be3 Ba5 11. b4 Nxb4 12. Nxb4 Bxb4 13. Qa4+ Bd7 14. Qxb4 b6 15. e5 c5 16. Qb3 h6 17. exd6 Nf6 18. Ne5 Qf5 19. Bxf7+ Kd8 20. Nxd7 Kxd7 21. Rfe1 Ng4 22. Bxc5 Qxc5 23. Qe6+ Kd8 24. Qe7+ Kc8 25. d7+ Kb7 26. d8Q+ Ka6 27. Qd3+ Ka5 28. Qxc5+ bxc5 29. Rab1 Rab8 30. Qa3# 1-0